Normal view
MARC view
Entry Personal Name
001 - CONTROL NUMBER
- control field: 60356
003 - CONTROL NUMBER IDENTIFIER
- control field: dpl
005 - DATE AND TIME OF LATEST TRANSACTION
- control field: 20231228125836.0
008 - FIXED-LENGTH DATA ELEMENTS
- fixed length control field: 231228|| aca||aabn | a|a d
040 ## - CATALOGING SOURCE
- Original cataloging agency: dpl
- Transcribing agency: dpl
100 ## - HEADING--PERSONAL NAME
- Personal name: Priya Kanwar
670 ## - SOURCE DATA FOUND
- Source citation: Work cat.: (dpl)196827: Taprial, Varinder 60355, Search Engine Optimisation:, 2010
